| 000 | 00576nam a2200205Ia 4500 | ||
|---|---|---|---|
| 005 | 20250508160540.0 | ||
| 008 | 008 250505s9999 xx 000 0 eng d | ||
| 037 | _aTextual | ||
| 040 |
_aFEDL _beng _cFEDL |
||
| 041 |
_aeng _2eng |
||
| 084 |
_a158, ALL _qFEDL |
||
| 100 |
_aAllinsmith Wesley _9763498 |
||
| 245 | 0 | _aRole of schools in mental health | |
| 260 |
_aNew York, USA _bBasic Books _c1962 |
||
| 300 | _axiv,337p. | ||
| 650 | _aAbnormal Psychology | ||
| 700 |
_a Goethals George W. _9768777 |
||
| 942 |
_cTEXL _h158, ALL |
||
| 999 |
_c1365296 _d1365296 |
||